[Event "Asian Cities-chT"]
[Site "Khanty-Mansiysk"]
[Date "2024.04.25"]
[Round "5.2"]
[White "Bocharov, Ivan"]
[Black "Behzad Nazif, Parva"]
[Result "1-0"]
[WhiteElo "2559"]
[BlackElo "2125"]
[PlyCount "79"]
[EventDate "2024.04.21"]
[EventType "team-swiss"]
[EventRounds "9"]
[EventCountry "RUS"]
[SourceTitle "CB18_2024"]
[SourceDate "2024.05.01"]
[SourceVersion "1"]
[SourceVersionDate "2024.05.01"]
[SourceQuality "2"]
[WhiteTeam "Surgut"]
[BlackTeam "Tehran (W)"]
[WhiteTeamCountry "RUS"]
[BlackTeamCountry "IRI"]

1. e4 c5 2. c3 Nf6 3. e5 Nd5 4. Nf3 Nc6 5. Bc4 Nb6 6. Bb3 d6 7. exd6 Qxd6 8. 0-0 c4 9. Bc2 Bg4 10. Re1 e6 11. b3 cxb3 12. axb3 Be7 13. d4 Nd5 14. Bb2 0-0 15. Nbd2 Rac8 16. Qb1 Bxf3 17. Nxf3 h6 18. Qd1 Rfd8 19. Qd3 Nf6 20. Re2 Bf8 21. Rae1 g6 22. b4 Bg7 23. Bb3 Nd5 24. g3 a6 25. h4 h5 26. Ng5 Nc7 27. Nxe6 Nxe6 28. Rxe6 Qc7 29. Rxg6 Ne5 30. Rxe5 Qxe5 31. Bxf7+ Kxf7 32. Qf3+ Kxg6 33. dxe5 Bxe5 34. Qxb7 Rd1+ 35. Kg2 Rcd8 36. Qxa6+ R8d6 37. Qe2 Bf6 38. c4 Bxb2 39. Qxb2 R1d2 40. Qe5 1-0

[Event "Qingdao SCO Teams 5th"]
[Site "Qingdao"]
[Date "2023.12.18"]
[Round "9.12"]
[White "Antonova, Nadezhda"]
[Black "Behzad Nazif, Parva"]
[Result "0-1"]
[WhiteElo "1945"]
[BlackElo "2128"]
[PlyCount "68"]
[EventDate "2023.12.17"]
[EventType "team-tourn (rapid)"]
[EventRounds "9"]
[EventCountry "CHN"]
[SourceTitle "CB52_2023"]
[SourceDate "2023.12.27"]
[SourceVersion "1"]
[SourceVersionDate "2023.12.27"]
[SourceQuality "1"]
[WhiteTeam "Tajikistan"]
[BlackTeam "Iran"]
[WhiteTeamCountry "TJK"]
[BlackTeamCountry "IRI"]

1. d4 d5 2. c4 dxc4 3. Nf3 Nf6 4. g3 e6 5. Bg2 Nc6 6. 0-0 Rb8 7. a4 a6 8. a5 b5 9. axb6 cxb6 10. Bf4 Bd6 11. Ne5 Ne7 12. Nxc4 Bxf4 13. gxf4 0-0 14. Nc3 b5 15. Ne5 Qb6 16. e3 Bb7 17. Qe2 Nf5 18. Rfc1 Nh4 19. Bxb7 Qxb7 20. f3 Nf5 21. Nd3 b4 22. Nc5 Qe7 23. N3e4 Nd5 24. Nxa6 Ra8 25. Nec5 Nfxe3 26. Kh1 Nf5 27. Qe5 Kh8 28. Rg1 Qh4 29. Nd3 Qh3 30. Qe4 Nf6 31. Qb7 Nd5 32. Raf1 Ng3+ 33. Rxg3 Qxf1+ 34. Rg1 Qxf3+ 0-1

[Event "Qingdao SCO Teams 5th"]
[Site "Qingdao"]
[Date "2023.12.17"]
[Round "4.15"]
[White "Behzad Nazif, Parva"]
[Black "Sun, Fanghui"]
[Result "1/2-1/2"]
[WhiteElo "2128"]
[BlackElo "2125"]
[PlyCount "137"]
[EventDate "2023.12.17"]
[EventType "team-tourn (rapid)"]
[EventRounds "9"]
[EventCountry "CHN"]
[SourceTitle "CB52_2023"]
[SourceDate "2023.12.27"]
[SourceVersion "1"]
[SourceVersionDate "2023.12.27"]
[SourceQuality "1"]
[WhiteTeam "Iran"]
[BlackTeam "China SCO"]
[WhiteTeamCountry "IRI"]
[BlackTeamCountry "CHN"]

1. d4 d5 2. c4 c6 3. Nc3 Nf6 4. e3 g6 5. Nf3 Bg7 6. b3 0-0 7. Be2 a6 8. 0-0 b5 9. Ne5 Ne4 10. Bb2 f6 11. Nd3 Nxc3 12. Bxc3 Bf5 13. cxd5 cxd5 14. a4 Nc6 15. Nf4 b4 16. Bb2 Kh8 17. Bf3 e6 18. g4 g5 19. gxf5 gxf4 20. fxe6 fxe3 21. fxe3 f5 22. Kh1 Qd6 23. Rc1 Qxe6 24. Rc5 Ne7 25. Qd3 Rad8 26. a5 Ng8 27. Rfc1 Rd6 28. Qd2 Nf6 29. Qxb4 Qxe3 30. R5c3 Qf4 31. Ba3 Re6 32. Qb7 Rfe8 33. Rg1 Ng4 34. Bxg4 fxg4 35. Qxd5 Qxd4 36. Rd3 Qf2 37. Bc5 Qh4 38. Rd2 Re5 39. Qd6 Re1 40. Rd1 Be5 41. Qd2 Rxd1 42. Rxd1 g3 43. Bd4 Qe4+ 44. Qg2 Bxd4 45. hxg3 Qe5 46. Qc6 Re6 47. Qc8+ Kg7 48. Qd7+ Re7 49. Qxd4 Qxd4 50. Rxd4 Re3 51. Kg2 Rxb3 52. Rd6 Ra3 53. Rxa6 Kf7 54. Kh3 Ra4 55. g4 Kg7 56. Kh4 Ra1 57. Kg5 h6+ 58. Kf5 Rf1+ 59. Ke5 Rg1 60. Kf4 Rf1+ 61. Kg3 Rg1+ 62. Kf3 Rf1+ 63. Kg2 Ra1 64. Kg3 Rg1+ 65. Kf4 Rf1+ 66. Ke5 Rg1 67. Kf4 Rf1+ 68. Ke5 Rg1 69. Kf4 1/2-1/2

[Event "Qingdao SCO Teams 5th"]
[Site "Qingdao"]
[Date "2023.12.17"]
[Round "5.6"]
[White "Tan, Zhongyi"]
[Black "Behzad Nazif, Parva"]
[Result "1-0"]
[WhiteElo "2521"]
[BlackElo "2128"]
[PlyCount "57"]
[EventDate "2023.12.17"]
[EventType "team-tourn (rapid)"]
[EventRounds "9"]
[EventCountry "CHN"]
[SourceTitle "CB52_2023"]
[SourceDate "2023.12.27"]
[SourceVersion "1"]
[SourceVersionDate "2023.12.27"]
[SourceQuality "1"]
[WhiteTeam "China"]
[BlackTeam "Iran"]
[WhiteTeamCountry "CHN"]
[BlackTeamCountry "IRI"]

1. d4 d5 2. c4 dxc4 3. e4 e5 4. Nf3 Bb4+ 5. Nc3 exd4 6. Nxd4 Nd7 7. Bxc4 Ngf6 8. 0-0 0-0 9. Re1 Ne5 10. Bf1 c6 11. f3 Qe7 12. Be3 Rd8 13. Qc2 c5 14. Nf5 Bxf5 15. exf5 c4 16. Bf2 Qc7 17. Nb5 Qb8 18. Red1 a6 19. Nc3 Qc7 20. Kh1 Bd6 21. Bh4 Ned7 22. Nd5 Qc5 23. Qxc4 Rdc8 24. Qb3 Be5 25. Bg5 b5 26. Rac1 Qf8 27. Rxc8 Rxc8 28. f4 Nxd5 29. Qxd5 1-0

[Event "Nakhchivan IM"]
[Site "Nakhchivan"]
[Date "2022.11.18"]
[Round "4.1"]
[White "Behzad Nazif, Parva"]
[Black "Makaraci, Tunahan"]
[Result "0-1"]
[WhiteElo "2035"]
[BlackElo "2275"]
[PlyCount "108"]
[EventDate "2022.11.17"]
[EventType "schev"]
[EventRounds "10"]
[EventCountry "AZE"]
[SourceTitle "CBM 211 Extra"]
[Source "ChessBase"]
[SourceDate "2023.01.31"]
[SourceVersion "1"]
[SourceVersionDate "2023.01.31"]
[SourceQuality "1"]
[WhiteTeam "Challengers"]
[BlackTeam "Experts"]
[WhiteTeamCountry "IRI"]
[BlackTeamCountry "AZE"]

1. e4 c5 2. Nf3 Nc6 3. d4 cxd4 4. Nxd4 g6 5. Be3 Bg7 6. Nc3 Nf6 7. f3 0-0 8. Qd2 d5 9. exd5 Nxd5 10. Nxd5 Qxd5 11. Nxc6 Qxc6 12. c3 Bf5 13. Be2 Rfd8 14. Qc1 Bd3 15. Bxd3 Rxd3 16. 0-0 Rad8 17. Bg5 Bf6 18. Bf4 Qb6+ 19. Kh1 e5 20. Bh6 Bg7 21. Bxg7 Kxg7 22. Qe1 Qxb2 23. Qxe5+ Kg8 24. Rab1 Qxb1 25. Rxb1 Rd1+ 26. Qe1 Rxe1+ 27. Rxe1 Rd2 28. a4 Ra2 29. Kg1 Rxa4 30. Re7 Ra1+ 31. Kf2 Rb1 32. Re8+ Kg7 33. Ra8 Rb2+ 34. Kg3 a6 35. c4 Kf6 36. c5 h5 37. h4 Kf5 38. Rc8 a5 39. c6 bxc6 40. Rxc6 a4 41. Ra6 Rb4 42. Ra7 Ke6 43. Kh3 Rc4 44. Kg3 Rb4 45. Kh3 f6 46. Ra5 Kd6 47. Ra6+ Kc5 48. Rxf6 Rb6 49. Rf8 Kb4 50. Ra8 Kb3 51. g4 a3 52. Kg3 Rb4 53. f4 a2 54. gxh5 gxh5 0-1

[Event "IRI-ch U18 Girls"]
[Site "Chess.com INT"]
[Date "2021.01.16"]
[Round "7"]
[White "Ahmadi, Seyedeh Malihe"]
[Black "Behzad Nazif, Parva"]
[Result "0-1"]
[WhiteElo "1617"]
[BlackElo "2051"]
[PlyCount "106"]
[EventDate "2021.01.16"]
[EventType "swiss"]
[EventRounds "9"]
[EventCountry "IRI"]
[SourceTitle "CBM 200 Extra"]
[Source "ChessBase"]
[SourceDate "2021.03.31"]
[SourceVersion "1"]
[SourceVersionDate "2021.03.31"]
[SourceQuality "1"]

1. e4 c5 2. Nc3 Nc6 3. f4 g6 4. Nf3 Bg7 5. Bb5 Nd4 6. 0-0 a6 7. Bd3 d6 8. Nxd4 cxd4 9. Ne2 Nf6 10. b3 0-0 11. Bb2 Nd7 12. Qe1 e5 13. Qg3 Nc5 14. c3 dxc3 15. dxc3 d5 16. exd5 e4 17. Bc2 Qxd5 18. Rad1 Qh5 19. Qe3 Nd3 20. Bxd3 exd3 21. Rxd3 Qa5 22. a3 Bf5 23. Rd2 Rfe8 24. Qf2 Rac8 25. Nd4 Be4 26. f5 Bxf5 27. Nxf5 Qxf5 28. Qxf5 gxf5 29. Rc2 Re3 30. Rfc1 Rd3 31. Kf1 f4 32. Kf2 Rcd8 33. Re2 Rd2 34. Rc2 Rd1 35. Rc1 Rxc1 36. Bxc1 Bxc3 37. Bxf4 Bf6 38. Re3 Bd4 39. Kf3 Bxe3 40. Bxe3 Rd3 41. Ke2 Rxb3 42. Bc5 b6 43. Bd6 Rb2+ 44. Kf3 b5 45. Bb4 a5 46. Bxa5 Rb3+ 47. Ke4 Rxa3 48. Bc7 Ra2 49. g4 b4 50. Kd3 b3 51. Be5 Rc2 52. g5 Rg2 53. h4 b2 0-1

[Event "IRI-ch U18 Girls"]
[Site "Chess.com INT"]
[Date "2021.01.16"]
[Round "5"]
[White "Behzad Nazif, Parva"]
[Black "Faikhim Ghanbarnezhad, Rozhina"]
[Result "1-0"]
[WhiteElo "2051"]
[BlackElo "1419"]
[PlyCount "189"]
[EventDate "2021.01.16"]
[EventType "swiss"]
[EventRounds "9"]
[EventCountry "IRI"]
[SourceTitle "CBM 200 Extra"]
[Source "ChessBase"]
[SourceDate "2021.03.31"]
[SourceVersion "1"]
[SourceVersionDate "2021.03.31"]
[SourceQuality "1"]

1. d4 d5 2. c4 c6 3. Nf3 g6 4. e3 Bg7 5. Bd3 Nf6 6. 0-0 0-0 7. Nbd2 Re8 8. b3 Nbd7 9. Bb2 dxc4 10. Nxc4 Nb6 11. Nfe5 Nfd5 12. e4 Nf4 13. Bc2 Be6 14. Nxb6 Qxb6 15. g3 Nh5 16. Kg2 Rad8 17. Qe2 Qc7 18. f4 Qa5 19. Nf3 Bg4 20. e5 Bh6 21. Qe3 Qc7 22. h3 Be6 23. Ng5 Ng7 24. Nxe6 Nxe6 25. Rad1 Rd7 26. Qe4 Red8 27. f5 Nf8 28. b4 Qb6 29. a3 a5 30. Bc3 axb4 31. axb4 Ra8 32. Bb3 Ra3 33. Rb1 e6 34. fxe6 Nxe6 35. Qg4 Re7 36. Rf6 Bg7 37. Rf2 Qb5 38. Qf3 Rd7 39. Kh2 Qb6 40. Qg4 Re7 41. Rd2 Qd8 42. d5 cxd5 43. Rxd5 Qe8 44. Qd1 Ra8 45. Qd2 Qf8 46. Rd6 Bh6 47. Qd3 Bg7 48. Rf1 Qe8 49. b5 Ra3 50. Bb4 Ra8 51. Rd5 Rc7 52. Rd6 Bxe5 53. Rd5 Bg7 54. b6 Rc6 55. Rb5 Rd8 56. Qe2 Rcc8 57. Ra5 Qc6 58. Qf2 Qe8 59. Ba4 Rd7 60. Bxd7 Qxd7 61. Ra2 Bd4 62. Qf3 Rc4 63. Bd2 Qc8 64. Be3 Bxe3 65. Qxe3 Rc3 66. Qe4 Rc6 67. Rb2 Qd8 68. Rff2 Rxb6 69. Rbd2 Qc8 70. Qf3 Qe8 71. Rb2 Rxb2 72. Rxb2 Nc5 73. Qd5 Qe7 74. Rc2 b6 75. Rb2 Qc7 76. Qc4 Qd6 77. Re2 Ne6 78. Qb5 Qc5 79. Qe8+ Kg7 80. Qa8 b5 81. Qa1+ Kg8 82. Ra2 Nd4 83. Ra8+ Kg7 84. Rd8 Qe5 85. Qxd4 Qxd4 86. Rxd4 f5 87. Rb4 Kf6 88. Rxb5 h6 89. Kg2 Kg5 90. Kf3 h5 91. Rb6 Kh6 92. h4 Kg7 93. Kf4 Kf7 94. Kg5 Kg7 95. Rxg6+ 1-0

[Event "IRI-ch (Women)"]
[Site "Rasht"]
[Date "2019.11.13"]
[Round "7"]
[White "Behzad Nazif, Parva"]
[Black "Ghomi, Parnian"]
[Result "0-1"]
[WhiteElo "2017"]
[BlackElo "1939"]
[PlyCount "122"]
[EventDate "2019.11.09"]
[EventType "tourn"]
[EventRounds "11"]
[EventCountry "IRI"]
[SourceTitle "CBM 193 Extra"]
[Source "ChessBase"]
[SourceDate "2020.01.31"]
[SourceVersion "1"]
[SourceVersionDate "2020.01.31"]
[SourceQuality "1"]

1. d4 e6 2. c4 f5 3. Nc3 Nf6 4. Nf3 d5 5. Bf4 c6 6. e3 Be7 7. h3 Nbd7 8. Bd3 Ne4 9. Qc2 Ndf6 10. Ne5 Nxc3 11. bxc3 Ne4 12. g4 Bh4 13. Bxe4 fxe4 14. Rg1 Bf6 15. g5 Bxe5 16. Bxe5 0-0 17. Rc1 b6 18. Qa4 Bd7 19. Qd1 Rf3 20. h4 Be8 21. Rg3 Bh5 22. Rxf3 Bxf3 23. Qa4 Qd7 24. cxd5 exd5 25. c4 Bh5 26. Bg3 Qg4 27. Qc2 Bf7 28. c5 b5 29. Qe2 Qxe2+ 30. Kxe2 Bh5+ 31. Kd2 a5 32. Rb1 Ra7 33. a3 Rb7 34. Rb2 Kf7 35. Rb1 Ke6 36. Rb2 Kf5 37. Rb1 Bf3 38. Rb2 Kg4 39. Rb1 Kh3 40. Rb2 Kg2 41. Ke1 Kh3 42. Kd2 h6 43. Rb1 hxg5 44. hxg5 Kg2 45. Ke1 Rf7 46. Rb2 g6 47. Rb1 Rh7 48. Kd2 Rh5 49. a4 b4 50. Bc7 Rxg5 51. Bxa5 Kxf2 52. Bxb4 Be2 53. Bc3 Bd3 54. Rb8 Rg2 55. Rf8+ Kg3+ 56. Ke1 Rc2 57. Ba5 Ra2 58. Bc7+ Kg4 59. a5 g5 60. Rg8 Kf3 61. Rf8+ Kxe3 0-1

[Event "IRI-ch (Women)"]
[Site "Rasht"]
[Date "2019.11.12"]
[Round "5"]
[White "Behzad Nazif, Parva"]
[Black "Asgharzadeh, Mitra"]
[Result "1-0"]
[WhiteElo "2017"]
[BlackElo "2193"]
[PlyCount "93"]
[EventDate "2019.11.09"]
[EventType "tourn"]
[EventRounds "11"]
[EventCountry "IRI"]
[SourceTitle "CBM 193 Extra"]
[Source "ChessBase"]
[SourceDate "2020.01.31"]
[SourceVersion "1"]
[SourceVersionDate "2020.01.31"]
[SourceQuality "1"]

1. d4 Nf6 2. c4 g6 3. Nc3 Bg7 4. e4 d6 5. Be2 0-0 6. Be3 e5 7. d5 Na6 8. g4 Nc5 9. f3 h5 10. g5 Nh7 11. h4 f6 12. gxf6 Bxf6 13. Bf2 Be7 14. Qd2 Rf4 15. 0-0-0 Rxh4 16. Bxh4 Bxh4 17. Kb1 Bg5 18. Qc2 Bd7 19. Bf1 Qf6 20. Bh3 Be8 21. Qg2 Bh6 22. Be6+ Kf8 23. Bh3 Ke7 24. Nge2 Ng5 25. Rhf1 Nxh3 26. Qxh3 Bd7 27. Qh2 Rf8 28. Nb5 a6 29. Nxc7 Kd8 30. Ne6+ Nxe6 31. dxe6 Qxe6 32. Qf2 Kc7 33. c5 dxc5 34. Qxc5+ Kb8 35. Nc3 Bc6 36. Rd6 Qc8 37. Rxg6 Bf4 38. Rfg1 Rd8 39. Qb6 Re8 40. Nd5 Bxd5 41. exd5 Qf5+ 42. Ka1 e4 43. Rf6 Qxd5 44. Rxf4 exf3 45. Qf2 Re2 46. Rf8+ Kc7 47. Qxf3 1-0

[Event "IRI-ch (Women)"]
[Site "Rasht"]
[Date "2019.11.12"]
[Round "6"]
[White "Jalali, Parima"]
[Black "Behzad Nazif, Parva"]
[Result "1/2-1/2"]
[WhiteElo "1886"]
[BlackElo "2017"]
[PlyCount "43"]
[EventDate "2019.11.09"]
[EventType "tourn"]
[EventRounds "11"]
[EventCountry "IRI"]
[SourceTitle "CBM 193 Extra"]
[Source "ChessBase"]
[SourceDate "2020.01.31"]
[SourceVersion "1"]
[SourceVersionDate "2020.01.31"]
[SourceQuality "1"]

1. e4 c5 2. Nf3 Nc6 3. d4 cxd4 4. Nxd4 g6 5. Nc3 Bg7 6. Be3 Nf6 7. Bc4 0-0 8. Bb3 a6 9. f3 Qc7 10. Qd2 b5 11. g4 e6 12. Qf2 Bb7 13. h4 h5 14. gxh5 Nxh5 15. 0-0-0 Na5 16. Qd2 Rfc8 17. Nde2 Nc4 18. Bxc4 Qxc4 19. Qd3 Qxd3 20. Rxd3 d5 21. exd5 exd5 22. Bd4 1/2-1/2

[Event "Wch U14 Girls"]
[Site "Porto Carras"]
[Date "2018.10.26"]
[Round "7"]
[White "Kamalidenova, Meruert"]
[Black "Behzad Nazif, Parva"]
[Result "1-0"]
[WhiteElo "1999"]
[BlackElo "1859"]
[PlyCount "89"]
[EventDate "2018.10.20"]
[EventType "swiss"]
[EventRounds "11"]
[EventCountry "GRE"]
[SourceTitle "CBM 187 Extra"]
[Source "ChessBase"]
[SourceDate "2018.11.04"]
[SourceVersion "1"]
[SourceVersionDate "2018.11.04"]
[SourceQuality "1"]

1. d4 Nf6 2. Nf3 g6 3. c4 Bg7 4. Bg5 0-0 5. Nc3 d6 6. e3 c5 7. d5 h6 8. Bh4 g5 9. Bg3 Nh5 10. Nd2 Nxg3 11. hxg3 Nd7 12. Be2 Nf6 13. Qc2 a6 14. f4 gxf4 15. gxf4 Ng4 16. Bxg4 Bxg4 17. Nf3 Qd7 18. Rh4 h5 19. Ng5 Bf5 20. e4 Bg4 21. e5 Bf5 22. Qe2 Bg4 23. Qe4 Bf5 24. Qe3 dxe5 25. fxe5 Qc7 26. Nf3 Qb6 27. Qf2 Qg6 28. Nd1 Bg4 29. Ne3 Qe4 30. Kf1 f6 31. e6 f5 32. Re1 Qd3+ 33. Kg1 Bf6 34. Rh2 f4 35. Nxg4 hxg4 36. Ne5 Qf5 37. Qe2 f3 38. gxf3 g3 39. Rg2 Qh3 40. Qd3 Kh8 41. Qg6 Qh7 42. Rxg3 Bg7 43. Nf7+ Kg8 44. Qxh7+ Kxh7 45. Kg2 1-0

[Event "Wch U14 Girls"]
[Site "Porto Carras"]
[Date "2018.10.24"]
[Round "6"]
[White "Behzad Nazif, Parva"]
[Black "Galvan Cipriani, Viviana"]
[Result "1-0"]
[WhiteElo "1859"]
[BlackElo "2109"]
[PlyCount "79"]
[EventDate "2018.10.20"]
[EventType "swiss"]
[EventRounds "11"]
[EventCountry "GRE"]
[SourceTitle "CBM 187 Extra"]
[Source "ChessBase"]
[SourceDate "2018.11.04"]
[SourceVersion "1"]
[SourceVersionDate "2018.11.04"]
[SourceQuality "1"]

1. d4 Nf6 2. c4 e5 3. dxe5 Ng4 4. e3 Nxe5 5. Nc3 Nbc6 6. f4 Ng6 7. Bd3 Bc5 8. Qh5 d6 9. Nf3 Nce7 10. Ng5 h6 11. Nge4 Bb6 12. 0-0 f5 13. Ng3 0-0 14. Kh1 Be6 15. e4 Bf7 16. Qe2 Be6 17. exf5 Bxf5 18. Nxf5 Nxf5 19. Qe6+ Rf7 20. Qxg6 Rf6 21. Qg4 Ne7 22. f5 Nc6 23. Nd5 Rf7 24. Bc2 Ne5 25. Qe4 c6 26. Nc3 Qf6 27. Qf4 Raf8 28. Bd2 Bc7 29. Be1 Qd8 30. Qe4 Rf6 31. Bh4 g5 32. Bg3 Re8 33. Bxe5 Rxe5 34. Qg4 Kh7 35. Ne4 Rf8 36. Qh5 d5 37. Qg6+ Kh8 38. Qxh6+ Kg8 39. Nxg5 Re7 40. f6 1-0

[Event "Wch U14 Girls"]
[Site "Porto Carras"]
[Date "2018.10.22"]
[Round "4"]
[White "Mrudul, Dehankar"]
[Black "Behzad Nazif, Parva"]
[Result "1-0"]
[WhiteElo "1996"]
[BlackElo "1859"]
[PlyCount "69"]
[EventDate "2018.10.20"]
[EventType "swiss"]
[EventRounds "11"]
[EventCountry "GRE"]
[SourceTitle "CBM 187 Extra"]
[Source "ChessBase"]
[SourceDate "2018.11.04"]
[SourceVersion "1"]
[SourceVersionDate "2018.11.04"]
[SourceQuality "1"]

1. e4 e5 2. Nf3 Nc6 3. Bb5 f5 4. d3 fxe4 5. dxe4 Nf6 6. 0-0 d6 7. h3 Be7 8. Nc3 0-0 9. Bc4+ Kh8 10. Ng5 Qe8 11. Ne6 Na5 12. Nxc7 Qd7 13. Nxa8 Nxc4 14. Qd3 Qc6 15. Nd5 Bd8 16. b3 Na5 17. b4 Nc4 18. b5 Qc5 19. Be3 Nxe3 20. Qxe3 Qc4 21. Nxf6 gxf6 22. b6 axb6 23. Nxb6 Bxb6 24. Qxb6 Bxh3 25. Qe3 Bd7 26. Rad1 Bb5 27. Rfe1 Qxc2 28. Rxd6 Qxa2 29. Qh6 Qf7 30. f4 Bc4 31. Re3 Qe7 32. Rd2 Qc5 33. fxe5 fxe5 34. Rd7 Bf7 35. Kh2 1-0

[Event "IRI-chT 16th"]
[Site "Sari"]
[Date "2017.11.30"]
[Round "4.5"]
[White "Mahdian, Anousha"]
[Black "Behzad Nazif, Parva"]
[Result "1/2-1/2"]
[WhiteElo "1996"]
[BlackElo "1879"]
[PlyCount "160"]
[EventDate "2017.09.13"]
[EventType "team-swiss"]
[EventRounds "11"]
[EventCountry "IRI"]
[SourceTitle "EXT 2019"]
[Source "ChessBase"]
[SourceDate "2018.10.10"]
[SourceVersion "1"]
[SourceVersionDate "2018.10.10"]
[SourceQuality "1"]
[WhiteTeam "Esfahan Zob Ahan"]
[BlackTeam "Rasht Shahrdari"]
[WhiteTeamCountry "IRI"]
[BlackTeamCountry "IRI"]

1. d4 Nf6 2. c4 g6 3. Nc3 Bg7 4. e4 d6 5. Be2 0-0 6. Be3 c5 7. e5 dxe5 8. dxe5 Qxd1+ 9. Rxd1 Ng4 10. Bxc5 Na6 11. Bxe7 Re8 12. Nd5 Nxe5 13. Kf1 Be6 14. Ba3 Nc6 15. Nf3 Bg4 16. Ne3 Be6 17. Nd5 Bg4 18. h3 Be6 19. b3 Rad8 20. Rd2 Bxd5 21. cxd5 Ne5 22. d6 Nxf3 23. Bxf3 Bc3 24. Rd1 Nb4 25. g3 Re6 26. d7 Re7 27. Rc1 Bd2 28. Rd1 Bc3 29. Kg2 Rexd7 30. Rxd7 Rxd7 31. Rc1 Nxa2 32. Rc2 Rd2 33. Rxd2 Bxd2 34. Bxb7 Kg7 35. Kf3 Kf6 36. Bc5 a5 37. Ke2 Bc3 38. Kd3 Be1 39. Bd4+ Ke7 40. Bg2 h5 41. h4 Nc1+ 42. Kc2 Na2 43. Kd3 Nc1+ 44. Kc4 Na2 45. Bc5+ Kf6 46. Be4 Nc1 47. Bb1 Ke6 48. Be4 Kf6 49. Bb6 Na2 50. Bb1 Nc1 51. Bc2 Na2 52. Be4 Nc1 53. Bf3 Na2 54. Bd4+ Ke7 55. Kd3 Nc1+ 56. Kc2 Na2 57. Bc5+ Ke6 58. Kd3 Nc1+ 59. Kc4 Kf6 60. Be4 Na2 61. Bb6 Nc1 62. Bc2 Na2 63. Kb5 Nc3+ 64. Ka6 Nd5 65. Bd4+ Ke7 66. Be4 Nb4+ 67. Kb5 Na2 68. Kc4 Nc1 69. Bb1 Ke6 70. Bb6 Ke7 71. Bc5+ Ke6 72. Bb6 Ke7 73. Kb5 Nxb3 74. Bc2 Nc1 75. Kc4 Na2 76. Bb1 Nc1 77. Bc2 Na2 78. Bb1 Nc1 79. Bc2 Na2 80. Bb1 Nc1 1/2-1/2

[Event "IRI-ch (Women)"]
[Site "Tehran"]
[Date "2017.11.06"]
[Round "7"]
[White "Azali, Tannaz"]
[Black "Behzad Nazif, Parva"]
[Result "1-0"]
[WhiteElo "1854"]
[BlackElo "1879"]
[PlyCount "158"]
[EventDate "2017.11.02"]
[EventType "swiss"]
[EventRounds "9"]
[EventCountry "IRI"]
[SourceTitle "CBM 181 Extra"]
[Source "ChessBase"]
[SourceDate "2017.12.12"]
[SourceVersion "1"]
[SourceVersionDate "2017.12.12"]
[SourceQuality "1"]

1. d4 Nf6 2. c4 g6 3. Nc3 Bg7 4. e4 d6 5. f3 0-0 6. Be3 c5 7. d5 e6 8. Nge2 exd5 9. cxd5 a6 10. a4 Nbd7 11. Ng3 b6 12. Be2 Ne5 13. h3 Ne8 14. 0-0 h5 15. f4 Nd7 16. Qd2 h4 17. Nh1 f5 18. Nf2 Qe7 19. Bf3 Rb8 20. Rae1 Qf6 21. Nd3 c4 22. Nb4 fxe4 23. Bxe4 Nc5 24. Nc6 Rb7 25. Bc2 Bf5 26. Bd4 Qf7 27. Nd8 Bxd4+ 28. Qxd4 Qg7 29. Qxg7+ Rxg7 30. Bxf5 gxf5 31. Ne6 Nxe6 32. Rxe6 Kh7 33. Rfe1 Nf6 34. Rxd6 Nh5 35. Rf1 Ng3 36. Rf2 Re8 37. Re6 Rxe6 38. dxe6 Re7 39. Rd2 Rxe6 40. Rd4 b5 41. axb5 axb5 42. Rd7+ Kg6 43. Rb7 Re1+ 44. Kf2 Rf1+ 45. Ke3 Re1+ 46. Kd4 Rf1 47. Nd5 Rd1+ 48. Ke5 Re1+ 49. Kd6 Ne4+ 50. Kc6 c3 51. bxc3 Rc1 52. Rxb5 Nxc3 53. Rc5 Ne2 54. Rxc1 Nxc1 55. Kd6 Nd3 56. Ke6 Nc5+ 57. Ke5 Nd3+ 58. Kd4 Nf2 59. Nc3 Nh1 60. Ne2 Nf2 61. Ng1 Nd1 62. Nf3 Kh5 63. Ke5 Ne3 64. Kf6 Nxg2 65. Kxf5 Ne3+ 66. Ke5 Nc4+ 67. Ke6 Nb2 68. f5 Nd3 69. f6 Nf4+ 70. Kf5 Ng6 71. Ne5 Nf8 72. Nf3 Ng6 73. f7 Kh6 74. Kf6 Kh7 75. Nxh4 Nf8 76. Nf3 Ng6 77. Ne5 Nf8 78. Ke7 Kg7 79. h4 Nh7 1-0

[Event "IRI-ch (Women)"]
[Site "Tehran"]
[Date "2017.11.04"]
[Round "4"]
[White "Behzad Nazif, Parva"]
[Black "Asgharpourmasoleh, Tara"]
[Result "1-0"]
[WhiteElo "1879"]
[BlackElo "1855"]
[PlyCount "57"]
[EventDate "2017.11.02"]
[EventType "swiss"]
[EventRounds "9"]
[EventCountry "IRI"]
[SourceTitle "CBM 181 Extra"]
[Source "ChessBase"]
[SourceDate "2017.12.12"]
[SourceVersion "1"]
[SourceVersionDate "2017.12.12"]
[SourceQuality "1"]

1. d4 Nf6 2. c4 e6 3. Nc3 Bb4 4. e3 b6 5. Nge2 Ba6 6. a3 Bxc3+ 7. Nxc3 0-0 8. Bd3 d5 9. b3 dxc4 10. bxc4 Nc6 11. 0-0 Na5 12. Qe2 Qd7 13. Bb2 Qc6 14. Nb5 Rfd8 15. e4 Bxb5 16. cxb5 Qd7 17. Rad1 Qe7 18. Bb1 Rac8 19. Qc2 e5 20. dxe5 Ng4 21. Rxd8+ Rxd8 22. Qc3 Re8 23. h3 Nh6 24. Rc1 Rc8 25. Ba2 Nb7 26. e6 f6 27. Qc6 Nc5 28. Bd4 Kf8 29. Rxc5 1-0

[Event "Arak op (Women)"]
[Site "Arak"]
[Date "2017.08.13"]
[Round "2"]
[White "Jivi Khorasanlou, Aida"]
[Black "Behzad Nazif, Parva"]
[Result "0-1"]
[WhiteElo "1615"]
[BlackElo "1954"]
[PlyCount "106"]
[EventDate "2017.08.12"]
[EventType "swiss"]
[EventRounds "9"]
[EventCountry "IRI"]
[SourceTitle "CBM 180 Extra"]
[Source "ChessBase"]
[SourceDate "2017.10.06"]
[SourceVersion "1"]
[SourceVersionDate "2017.10.06"]
[SourceQuality "1"]

1. d4 c5 2. e3 cxd4 3. exd4 d5 4. Nf3 Nc6 5. c3 Bg4 6. Bd3 e6 7. Bf4 Nf6 8. h3 Bh5 9. Nbd2 Bd6 10. Bxd6 Qxd6 11. Qe2 0-0 12. 0-0 Kh8 13. Qe3 Nd7 14. Rfe1 Rae8 15. Qg5 Bxf3 16. Nxf3 f5 17. Re2 Nf6 18. Rae1 Ne4 19. Qh4 Kg8 20. Bxe4 fxe4 21. Nd2 Ne7 22. Nf1 Ng6 23. Qg5 Nf4 24. Re3 Rf5 25. Qg4 Nd3 26. R1e2 Rf6 27. f3 Rg6 28. Qh4 Nf4 29. Rf2 Rh6 30. Qg4 Nxh3+ 31. gxh3 Rg6 32. Qxg6 hxg6 33. fxe4 Rf8 34. e5 Qe7 35. Rg2 Qf7 36. Nd2 Qf5 37. Reg3 Rf7 38. Rxg6 Qxh3 39. Rh2 Qe3+ 40. Kh1 Rf2 41. Rxf2 Qxf2 42. Rg2 Qh4+ 43. Kg1 Qe1+ 44. Nf1 Qc1 45. Rd2 Qe1 46. Rg2 b5 47. a3 a5 48. Rc2 Qe4 49. Rg2 b4 50. axb4 axb4 51. Kh2 bxc3 52. bxc3 Qd3 53. Rd2 Qxf1 0-1

[Event "Arak op (Women)"]
[Site "Arak"]
[Date "2017.08.12"]
[Round "1"]
[White "Behzad Nazif, Parva"]
[Black "Khosravi Mahmoei, Hasti"]
[Result "1-0"]
[WhiteElo "1954"]
[BlackElo "1301"]
[PlyCount "75"]
[EventDate "2017.08.12"]
[EventType "swiss"]
[EventRounds "9"]
[EventCountry "IRI"]
[SourceTitle "CBM 180 Extra"]
[Source "ChessBase"]
[SourceDate "2017.10.06"]
[SourceVersion "1"]
[SourceVersionDate "2017.10.06"]
[SourceQuality "1"]

1. d4 Nf6 2. c4 g6 3. Nc3 d5 4. Nf3 Bg7 5. Bg5 Ne4 6. cxd5 Nxg5 7. Nxg5 e6 8. Nf3 exd5 9. e3 0-0 10. b4 b6 11. b5 a6 12. a4 Bg4 13. Be2 Qd6 14. 0-0 c6 15. bxc6 Nxc6 16. Qb3 Nb4 17. a5 bxa5 18. Rxa5 Rab8 19. Qa3 Rfd8 20. h3 Be6 21. Bxa6 Bf8 22. Be2 Qc7 23. Ra7 Qc8 24. Qc1 Rd6 25. Qd2 Rc6 26. Rc1 Rbb6 27. Ne5 Rd6 28. Nxd5 Qb8 29. Nxb6 Qxa7 30. Nc8 Bxc8 31. Rxc8 Rb6 32. Bc4 Rb7 33. Nxf7 Rxf7 34. Bxf7+ Kxf7 35. Rxf8+ Kxf8 36. Qxb4+ Kf7 37. Qc4+ Kf8 38. Qc5+ 1-0